000 01026cam a2200289 a 4500
001 25760
003 BD-RjUL
005 20211209050926.0
008 140319s1988 ii b 001 0 eng d
035 _a(BD-RjUL)25830
040 _aDLC
_cDLC
_dDLC
_dBD-RjUL
_beng
041 _aeng
082 0 0 _a305.552095414
_220
_bSEE 1988
100 1 _aSen, Asoka Kumar.
_979120
245 1 4 _aThe educated middle class and Indian nationalism :
_bBengal during the pre-Congress decades /
_cby Asoka Kumar Sen.
260 _aCalcutta :
_bProgressive Publishers,
_c1988.
300 _axvi, 200 p. ;
_c22 cm.
500 _aOn the role of middle class intelligentsia of Bengal in the growth of nationalism in India, 1800-1885.
500 _aIncludes index.
504 _aBibliography: p. [178]-191.
650 0 _aNationalism
_zIndia
_zBengal.
_946221
650 0 _aMiddle class
_zIndia
_zBengal.
_979121
651 0 _aBengal (India)
_xIntellectual life.
_92283
942 _2ddc
_cBK
999 _c25760
_d25760